Educação UNISINOS revista do Programa de Pós-Graduação em Educação da Universidade do Vale dos Sinos.

Detalles Bibliográficos
Título anterior:Estudos leopoldenses. Série educação
Autor Corporativo: Universidade do Vale do Rio dos Sinos. Programa de Pós-Graduação em Educação
Formato: Electrónico Revista
Lenguaje:portugués
Publicado: São Leopoldo, Brasil ; São Leopoldo, RS : Universidade do Vale do Rio dos Sinos, Centro de Ciências Humanas, Programa de Pós-Graduação em Educação, 2000-
Materias:
Acceso en línea:Full text available from Research Library: 01/01/2011 to present

MARC

LEADER 00000nas a2200000 a 4500
001 ssj0000546687
003 WaSeSS
005 20200512172242.0
006 m d
007 cr n
008 020226c20009999bl tr p s 0 0por c
010 |a  2002224046 
015 |a 022623000  |2 dnb 
016 7 |a 2058516-0  |2 DE-600 
016 7 |a 022623000  |2 DE-101 
022 |l 1519-387X  |y 1519-387X 
035 |a (WaSeSS)ssj0000546687 
040 |a COO  |b eng  |c COO  |d DLC  |d HLS  |d OCLCQ  |d GBVCP  |d OCLCQ  |d OCLCF  |d CUS  |d OCLCO  |d OCLCA  |d RDF  |d WaSeSS 
041 0 |a por  |b eng 
042 |a pcc 
043 |a s-bl--- 
050 0 0 |a LA555  |b .E88 
210 1 |a Educ. Unisinos 
222 0 |a Educação Unisinos 
245 0 0 |a Educação UNISINOS  |h [electronic resource] :  |b revista do Programa de Pós-Graduação em Educação da Universidade do Vale dos Sinos. 
260 |a São Leopoldo, Brasil ;  |a São Leopoldo, RS :  |b Universidade do Vale do Rio dos Sinos, Centro de Ciências Humanas, Programa de Pós-Graduação em Educação,  |c 2000- 
310 |a Three times a year,  |b 2005- 
321 |a Semiannual,  |b 2000-2004 
362 0 |a Vol. 4, no. 7 (2000)- 
506 |a License restrictions may limit access. 
546 |a In Portuguese; summaries in English. 
588 |a Latest issue consulted: Vol. 11, no. 3 (set./dez. 2007). 
650 0 |a Education  |z Brazil  |v Periodicals. 
650 7 |a Education.  |2 fast  |0 (OCoLC)fst00902499 
651 7 |a Brazil.  |2 fast  |0 (OCoLC)fst01206830 
655 0 |a Electronic journals. 
710 2 |a Universidade do Vale do Rio dos Sinos.  |b Programa de Pós-Graduação em Educação. 
780 0 0 |t Estudos leopoldenses. Série educação  |w (DLC)sn 98017954  |w (OCoLC)39010908 
850 |a DLC  |a NIC 
853 2 0 |8 1  |a v.  |b no.  |u 2  |v c  |i (year)  |w f 
856 4 0 |z Full text available from Research Library: 01/01/2011 to present  |u https://search.proquest.com/publication/2040961 
863 4 1 |8 1.1  |a 4  |b 7  |i 2000